Figure out the song-Taylor Swift 2 - Statistics

General Stats
  • This quiz has been taken 1,095 times
  • The average score is 169 of 293
Answer Stats
Answer % Correct
I
99%
i
99%
a
97%
you
97%
The
95%
the
95%
me
91%
and
85%
it
84%
do
81%
to
81%
in
80%
you're
80%
when
79%
my
78%
no
76%
so
74%
of
72%
wear
72%
that
71%
was
70%
I'm
69%
like
67%
all
65%
could
61%
but
58%
by
58%
don't
58%
one
58%
there
58%
think
58%
am
57%
can't
55%
oh
53%
as
52%
just
51%
down
49%
back
48%
never
48%
now
48%
very
47%
any
45%
dress
45%
came
44%
gone
44%
that's
44%
because
43%
clean
43%
over
43%
rain
43%
thing
43%
finally
42%
worst
42%
nothing
39%
pouring
39%
still
39%
breathe
38%
months
38%
morning
38%
together
38%
died
37%
drowning
37%
trace
37%
drought
36%
flowers
36%
forth
36%
mean
36%
thirst
36%
anymore
35%
we'd
35%
gonna
34%
grown
34%
give
33%
miss
33%
perfect
33%
storm
33%
lost
32%
won't
32%
head
31%
black
30%
must
30%
sky
30%
turned
30%
wine-stained
30%
room
29%
Ten
29%
ten
29%
admit
28%
heard
28%
sober
28%
older
27%
war
27%
away
26%
let
26%
hole
25%
loud
25%
pictures
25%
punched
25%
risk
25%
screamed
25%
water
25%
whole
25%
dust
24%
hung
24%
roof
24%
covered
23%
lungs
22%
butterflies
21%
filled
21%
flood
21%
carry
20%
else
17%
No matching quizzes found
Score Distribution
Percent of People with Each Score
Percentile by Number Answered
Your Score History
You have not taken this quiz